| 000 | 01450nam a2200361 a 4500 | ||
|---|---|---|---|
| 001 | ebr10587948 | ||
| 003 | CaPaEBR | ||
| 006 | m u | ||
| 007 | cr cn||||||||| | ||
| 008 | 120301s2012 nyu sb 000 0 eng d | ||
| 010 | _z 2012007139 | ||
| 020 | _z9781433119323 (hardcover alk. paper) | ||
| 020 | _z9781433117961 | ||
| 020 | _z9781453908860 (e-book) | ||
| 040 |
_aCaPaEBR _cCaPaEBR |
||
| 035 | _a(OCoLC)809910933 | ||
| 050 | 1 | 4 |
_aPN1998.3.L438 _bC43 2012eb |
| 082 | 0 | 4 |
_a791.43/6552 _223 |
| 100 | 1 |
_aChiang, Chih-Yun, _d1980- |
|
| 245 | 1 | 0 |
_aTheorizing ambivalence in Ang Lee's transnational cinema _h[electronic resource] / _cChih-Yun Chiang. |
| 260 |
_aNew York : _bPeter Lang, _c2012. |
||
| 300 | _aviii, 132 p. | ||
| 490 | 1 |
_aFraming film: the history and art of cinema, _x1524-7821 ; _vv. 17 |
|
| 504 | _aIncludes bibliographical references. | ||
| 533 |
_aElectronic reproduction. _bPalo Alto, Calif. : _cebrary, _d2011. _nAvailable via World Wide Web. _nAccess may be limited to ebrary affiliated libraries. |
||
| 600 | 1 | 0 |
_aLee, Ang, _d1954- _xCriticism and interpretation. |
| 650 | 0 | _aMotion pictures and transnationalism. | |
| 650 | 0 | _aMotion pictures and globalization. | |
| 655 | 7 |
_aElectronic books. _2local |
|
| 710 | 2 | _aebrary, Inc. | |
| 830 | 0 |
_aFraming film ; _vv. 17. |
|
| 856 | 4 | 0 |
_uhttp://site.ebrary.com/lib/rucke/Doc?id=10587948 _zAn electronic book accessible through the World Wide Web; click to view |
| 999 |
_c108330 _d108330 |
||